000 00620cam a22002053a 4500
001 37025
003 PGUSA
005 20140828083819.0
008 110810s2011||||xxu|||||s|||||000 | eng d
040 _aPGUSA
_beng
042 _adc
100 1 _aConwell, Russell H.,
_d1843-1925
245 1 0 _aGetting at the Inner Man/Fifty Years on the Lecture Platform
_h[electronic resource] /
_cRussell H. Conwell
260 _bProject Gutenberg,
_c2011
506 _aPublic domain in the USA.
516 _aElectronic text
830 0 _aProject Gutenberg
_v37025
856 4 0 _uhttp://www.gutenberg.org/ebooks/37025
942 _cEB
999 _c266280
_d266280